000 00612nam a22001817a 4500
999 _c186273
_d186273
005 20220221120130.0
010 _aENG-131706
020 _a9789390869213
_c299.00
035 _aEN-115238
037 _bDBAD
082 _a363.2
100 _aSaraf, V.K.
245 _aOn Police And Policing:
_bRemuniations of an Old Guard/
_cV.K. Saraf
260 _aMaharashtra
_bVishwakarma Publications
_c2021
270 _a34A/1, Suyog Center, 7th Floor, Gultekadi Marketyard Road, Giridhar Bhavan Chowk
_bPune
_e411037
_minfo@vpindia.co.in
300 _a232p.
_c22cm(pbk)
942 _2ddc
_cEN
_h363.2
_mSAR